Une lettre suffit pour répondre juste #100 (attention 10 lettres tuent) - Statistiques

Statistiques générales
  • Ce quiz a été pris 97 fois
  • Le résultat moyen est 3 sur 6
Statistiques - réponses
Hint Réponse % Correct
Donne une des 5 lettres du nom de famille de l'acteur qui interprète James Bond dans ce film (il est de dos dans l'extrait) :
CRAIG
100%
Donne une des 4 lettres du mot qui : - est l'unité de force électromotrice et de différence de potentiel (ou tension), dérivée du SI - est le pseudonyme de l'écrivain italien Vincenzo Fani Ciotti (1888 – 1927) - complète le 111e long métrage d'animation et le 48e « Classique d'animation » des studios Disney, sorti en 2008 : _ _ _ _, star malgré lui
VOLT
88%
Donne une des 3 lettres du mot qui pourrait être la possible traduction de ce nain de Blanche-Neige en anglais autre que Bashful (qui est le nom choisi par Disney) : _ _ _
SHY (Timide)
53%
Donne une des 2 lettres qui désigne la seule case à la roulette française qui s'écrit avec deux lettres si on l'écrit en lettres : _ _
UN
30%
Donne la lettre qui complète le carré Sator (carré magique figurant dans plusieurs inscriptions latines dont la plus ancienne connue a été trouvée à Pompéi et ne pouvant être postérieure à l'an 79) S A T O R A R E ? O T E N E T O ? E R A R O T A S P
12%
Donne la lettre qui est la plus présente dans le titre de cette série télévisée d'animation britannique (1999-2011) :
B (Bob le bricoleur /Bob the Builder)
11%
Aucun quiz correspondant
Distribution des résultats
% des personnes avec chaque résultat
Percentile par nombre de réponses
Votre historique - résultats
Vous n’avez pas pris ce quiz